Normal view
MARC view
- تجارة دولية -- فقة اسلامي -- اتفاقيات
Entry Topical Term
001 - CONTROL NUMBER
- control field: 31961
003 - CONTROL NUMBER IDENTIFIER
- control field: JO-AjAnu
005 - DATE AND TIME OF LATEST TRANSACTION
- control field: 20230606075357.0
008 - FIXED-LENGTH DATA ELEMENTS
- fixed length control field: 230606|| aca||aabn | a|a d
040 ## - CATALOGING SOURCE
- Original cataloging agency: JO-AjAnu
- Transcribing agency: JO-AjAnu
150 ## - HEADING--TOPICAL TERM
- Topical term or geographic name entry element: تجارة دولية -- فقة اسلامي -- اتفاقيات
670 ## - SOURCE DATA FOUND
- Source citation: Work cat.: (JO-AjAnu)16411: شحاتة ، محمد السانوسى محمد , author 31960, التجارة الدولية في ضوء الفقة الإسلامي وإتفاقيات الجات " دراسة مقارنة "